[Event "Moscow Cup"]
[Site "Moscow"]
[Date "2015.12.12"]
[Round "5"]
[White "Aslanov, Sergei"]
[Black "Karimov, Alisher"]
[Result "1-0"]
[WhiteElo "2332"]
[BlackElo "2284"]
[PlyCount "49"]
[EventDate "2015.12.03"]
[EventType "tourn"]
[EventRounds "9"]
[EventCountry "RUS"]
[SourceTitle "EXT 2018"]
[Source "ChessBase"]
[SourceDate "2017.10.13"]
[SourceVersion "1"]
[SourceVersionDate "2017.10.13"]
[SourceQuality "1"]

1. e4 c5 2. Nf3 Nc6 3. d4 cxd4 4. Nxd4 Nf6 5. Nc3 e6 6. Ndb5 Bb4 7. a3 Bxc3+ 8. Nxc3 d5 9. exd5 exd5 10. Qe2+ Be6 11. Bg5 h6 12. Bh4 g5 13. Bg3 0-0 14. 0-0-0 Re8 15. Qd3 Qd7 16. h4 g4 17. Qd2 Kg7 18. Bf4 Rh8 19. h5 d4 20. Bxh6+ Rxh6 21. Qg5+ Kf8 22. Qxh6+ Ke7 23. Qg5 Rg8 24. Qc5+ Ke8 25. Bb5 1-0

[Event "Moscow Cup"]
[Site "Moscow"]
[Date "2015.12.03"]
[Round "1"]
[White "Aslanov, Sergei"]
[Black "Ivanova, Karina"]
[Result "1-0"]
[WhiteElo "2332"]
[BlackElo "2144"]
[PlyCount "85"]
[EventDate "2015.12.03"]
[EventType "tourn"]
[EventRounds "9"]
[EventCountry "RUS"]
[SourceTitle "EXT 2018"]
[Source "ChessBase"]
[SourceDate "2017.10.13"]
[SourceVersion "1"]
[SourceVersionDate "2017.10.13"]
[SourceQuality "1"]

1. e4 c6 2. d4 d5 3. e5 Bf5 4. Nf3 e6 5. Be2 Nd7 6. 0-0 Ne7 7. Nbd2 Nc8 8. a4 Be7 9. a5 a6 10. c4 0-0 11. Ne1 c5 12. cxd5 exd5 13. Bd3 Bxd3 14. Nxd3 Na7 15. dxc5 Nc6 16. Re1 Nxc5 17. Nxc5 Bxc5 18. Qg4 Qc8 19. Qh5 Nd4 20. Ra4 Qe8 21. Qd1 Rc8 22. Nf1 Nc2 23. Qxc2 Bb4 24. Qxc8 Qxc8 25. Rxb4 Qc5 26. Rxb7 Qxa5 27. Bd2 Qa4 28. e6 fxe6 29. Rxe6 Rf7 30. b3 Qa1 31. Re8+ Rf8 32. Ree7 Qd4 33. Be3 Qf6 34. Red7 Qe5 35. Re7 Qf6 36. Rbd7 Rb8 37. h3 h6 38. Nd2 Qa1+ 39. Kh2 Qf6 40. Nf3 Kf8 41. Ne5 Kg8 42. Ng4 Qa1 43. Rxd5 1-0

[Event "Moscow op-A"]
[Site "Moscow"]
[Date "2015.02.01"]
[Round "2"]
[White "Nazarov, Rustem"]
[Black "Aslanov, Sergei"]
[Result "1-0"]
[WhiteElo "2059"]
[BlackElo "2273"]
[PlyCount "59"]
[EventDate "2015.01.31"]
[EventType "swiss"]
[EventRounds "9"]
[EventCountry "RUS"]
[SourceTitle "CBM 164 Extra"]
[Source "ChessBase"]
[SourceDate "2015.03.02"]
[SourceVersion "1"]
[SourceVersionDate "2015.03.02"]
[SourceQuality "1"]

1. e4 e6 2. d4 d5 3. Nd2 Nf6 4. e5 Nfd7 5. Bd3 c5 6. c3 Nc6 7. Ne2 cxd4 8. cxd4 f6 9. exf6 Qxf6 10. Nf3 h6 11. 0-0 Bd6 12. Bb1 0-0 13. Qd3 Rd8 14. Ng3 Nf8 15. Re1 Bd7 16. Bd2 Be8 17. Qe3 Rac8 18. Ne5 Qh4 19. Nxc6 bxc6 20. b4 a5 21. bxa5 c5 22. Bc3 cxd4 23. Bxd4 Bb4 24. Bd3 Bxa5 25. Rec1 Qe7 26. Nf5 Rxc1+ 27. Rxc1 Qa3 28. Nxh6+ Kh8 29. Nf7+ Bxf7 30. Qh6+ 1-0

[Event "Moscow VAO IM 10"]
[Site "Moscow"]
[Date "2015.??.??"]
[Round "?"]
[White "Aslanov, Sergei"]
[Black "Golubev, Roman"]
[Result "1/2-1/2"]
[WhiteElo "2273"]
[BlackElo "2348"]
[PlyCount "100"]
[EventDate "2015.10.22"]
[EventType "tourn"]
[EventRounds "13"]
[EventCountry "RUS"]
[EventCategory "12"]
[SourceTitle "EXT 2017"]
[Source "ChessBase"]
[SourceDate "2016.10.25"]
[SourceVersion "1"]
[SourceVersionDate "2016.10.25"]
[SourceQuality "1"]

1. e4 e6 2. d4 d5 3. Nc3 Nf6 4. e5 Nfd7 5. f4 c5 6. Nf3 Nc6 7. Be3 Be7 8. dxc5 Bxc5 9. Qd2 0-0 10. 0-0-0 Qa5 11. a3 Be7 12. h4 Rb8 13. Bd3 b5 14. Bxh7+ Kxh7 15. Ng5+ Kg8 16. Qe2 g6 17. h5 Bxg5 18. hxg6 fxg6 19. Qg4 Qd8 20. Qxe6+ Kg7 21. Qxc6 Bxf4 22. Bxf4 Rxf4 23. Nxd5 Rc4 24. Qe6 Nf8 25. Qf6+ Qxf6 26. Nxf6 Bf5 27. c3 a5 28. Rd5 g5 29. Rd6 Be6 30. Ra6 Rc5 31. Ra7+ Kg6 32. Re1 b4 33. axb4 axb4 34. Re3 bxc3 35. bxc3 Rbb5 36. Ne8 Rxe5 37. Rf3 Nd7 38. Nc7 g4 39. Rf4 Nc5 40. Nxe6 Nd3+ 41. Kd2 Nxf4 42. Nxf4+ Kf5 43. Rf7+ Kg5 44. g3 Rb1 45. Rg7+ Kf5 46. Rf7+ Ke4 47. Nd3 Rd1+ 48. Kxd1 Kxd3 49. Rf4 Kxc3 50. Rxg4 Kd3 1/2-1/2

[Event "Moscow VAO IM 10"]
[Site "Moscow"]
[Date "2015.??.??"]
[Round "?"]
[White "Aslanov, Sergei"]
[Black "Vdovin, Vadim"]
[Result "1/2-1/2"]
[WhiteElo "2273"]
[BlackElo "2377"]
[PlyCount "36"]
[EventDate "2015.10.22"]
[EventType "tourn"]
[EventRounds "13"]
[EventCountry "RUS"]
[EventCategory "12"]
[SourceTitle "EXT 2017"]
[Source "ChessBase"]
[SourceDate "2016.10.25"]
[SourceVersion "1"]
[SourceVersionDate "2016.10.25"]
[SourceQuality "1"]

1. e4 e5 2. Nf3 Nc6 3. Bb5 a6 4. Ba4 Nf6 5. 0-0 Be7 6. d3 d6 7. c3 0-0 8. Re1 Re8 9. Nbd2 Nd7 10. d4 b5 11. Bc2 Bb7 12. d5 Ncb8 13. b3 c6 14. c4 cxd5 15. cxd5 a5 16. Nf1 Nc5 17. Ne3 Nbd7 18. Nf5 Bf8 1/2-1/2

[Event "Moscow op 03rd"]
[Site "Moscow"]
[Date "2007.01.30"]
[Round "4"]
[White "Grabuzova, Tatiana"]
[Black "Aslanov, Sergei"]
[Result "1-0"]
[WhiteElo "2357"]
[BlackElo "2233"]
[PlyCount "59"]
[EventDate "2007.01.27"]
[EventType "swiss"]
[EventRounds "9"]
[EventCountry "RUS"]
[SourceTitle "CBM 116 Extra"]
[Source "ChessBase"]
[SourceDate "2007.03.07"]
[SourceVersion "1"]
[SourceVersionDate "2007.03.07"]
[SourceQuality "1"]

1. d4 d5 2. c4 c6 3. Nf3 Nf6 4. Nc3 e6 5. Bg5 dxc4 6. a4 Nbd7 7. e3 Qa5 8. Bxf6 Nxf6 9. Bxc4 Bb4 10. 0-0 0-0 11. Ne5 c5 12. Qb3 cxd4 13. exd4 Rd8 14. Rad1 Bd7 15. Bd3 Bd6 16. Qxb7 Rab8 17. Qf3 Rxb2 18. Nc4 Qb4 19. Nxb2 Qxb2 20. Rb1 Qd2 21. Rfd1 Qh6 22. h3 Nh5 23. Ne4 Be7 24. Nc5 Be8 25. Bb5 Bxb5 26. Rxb5 Nf4 27. Rb7 Bf6 28. Rxa7 g5 29. Nd7 Bg7 30. Ra8 1-0

[Event "Moscow op 03rd"]
[Site "Moscow"]
[Date "2007.01.29"]
[Round "3"]
[White "Aslanov, Sergei"]
[Black "Gagarin, Vasilij"]
[Result "0-1"]
[WhiteElo "2233"]
[BlackElo "2406"]
[PlyCount "58"]
[EventDate "2007.01.27"]
[EventType "swiss"]
[EventRounds "9"]
[EventCountry "RUS"]
[SourceTitle "CBM 116 Extra"]
[Source "ChessBase"]
[SourceDate "2007.03.07"]
[SourceVersion "1"]
[SourceVersionDate "2007.03.07"]
[SourceQuality "1"]

1. e4 c5 2. Nf3 e6 3. d4 cxd4 4. Nxd4 Nc6 5. Nc3 Qc7 6. g3 a6 7. Bg2 d6 8. 0-0 Bd7 9. Nde2 Nf6 10. h3 Be7 11. Be3 0-0 12. Qd2 b5 13. g4 Ne5 14. b3 b4 15. Nd1 d5 16. f4 Ng6 17. e5 Ne4 18. Qe1 Bb5 19. Nf2 Bxe2 20. Qxe2 Ng3 21. Qd2 Nxf1 22. Rxf1 Bc5 23. Nd1 Rac8 24. Qf2 d4 25. Bxd4 Bxd4 26. Qxd4 Qxc2 27. f5 Rfd8 28. Ne3 Rxd4 29. Nxc2 Rxc2 0-1

[Event "Moscow op 03rd"]
[Site "Moscow"]
[Date "2007.01.28"]
[Round "2"]
[White "Lavrentiev, Yuri"]
[Black "Aslanov, Sergei"]
[Result "0-1"]
[WhiteElo "1977"]
[BlackElo "2233"]
[PlyCount "94"]
[EventDate "2007.01.27"]
[EventType "swiss"]
[EventRounds "9"]
[EventCountry "RUS"]
[SourceTitle "CBM 116 Extra"]
[Source "ChessBase"]
[SourceDate "2007.03.07"]
[SourceVersion "1"]
[SourceVersionDate "2007.03.07"]
[SourceQuality "1"]

1. d4 d5 2. Bg5 c6 3. e3 Qb6 4. Nd2 Bf5 5. Bd3 e6 6. Ne2 Nd7 7. Bxf5 exf5 8. 0-0 Ngf6 9. c4 h6 10. c5 Qd8 11. Bh4 Be7 12. b4 0-0 13. a4 Ne4 14. Bxe7 Qxe7 15. Nf4 Rfe8 16. Nf3 Nf8 17. b5 g5 18. Nh5 f6 19. bxc6 bxc6 20. Rb1 Nc3 21. Qd3 Nxb1 22. Qxf5 Nh7 23. Qg6+ Kh8 24. Rxb1 Rab8 25. Rxb8 Rxb8 26. h3 Rb4 27. Qxh6 Rxa4 28. g4 Qf7 29. h4 gxh4 30. Nxh4 Rb4 31. Kg2 Rb8 32. Ng6+ Kg8 33. f4 a5 34. Nh4 a4 35. Nf5 Kh8 36. Nd6 Qe7 37. Kf3 Rg8 38. g5 fxg5 39. f5 a3 40. Kg4 a2 41. Qe6 Qxe6 42. fxe6 Rb8 43. e7 Kg8 44. Kf5 a1Q 45. Ke6 Qh1 46. Nf6+ Nxf6 47. Kxf6 g4 0-1

[Event "Moscow op 03rd"]
[Site "Moscow"]
[Date "2007.01.27"]
[Round "1"]
[White "Aslanov, Sergei"]
[Black "Askarov, Marat"]
[Result "0-1"]
[WhiteElo "2233"]
[BlackElo "2487"]
[PlyCount "54"]
[EventDate "2007.01.27"]
[EventType "swiss"]
[EventRounds "9"]
[EventCountry "RUS"]
[SourceTitle "CBM 116 Extra"]
[Source "ChessBase"]
[SourceDate "2007.03.07"]
[SourceVersion "1"]
[SourceVersionDate "2007.03.07"]
[SourceQuality "1"]

1. e4 c5 2. Nf3 d6 3. d4 cxd4 4. Nxd4 Nf6 5. Nc3 a6 6. Bc4 e6 7. Bb3 Nc6 8. Be3 Be7 9. f4 0-0 10. Qf3 Qc7 11. 0-0 Bd7 12. f5 Kh8 13. Kh1 Na5 14. g4 d5 15. exd5 Nxb3 16. cxb3 Nxd5 17. Nxd5 exd5 18. g5 Qe5 19. Rae1 Bxg5 20. Bf2 Qd6 21. Bg3 Qh6 22. Qxd5 Rad8 23. Qxb7 Bc8 24. Qe4 Rxd4 25. Qxd4 Bb7+ 26. Kg1 Qc6 27. Re2 Bd8 0-1